| Поле | Название | Значение |
| |
Тип записи |
a |
| |
Библиографический уровень |
m |
| 001 |
Контрольный номер |
RU/IS/BASE/280491109 |
| 005 |
Дата корректировки |
20201206204525.1 |
| 010 |
Индекс ISBN |
__ |
| a |
ISBN |
5-93093-119-4 (в пер.) |
| d |
Цена |
372-60 |
| 021 |
№ государственной регистрации |
__ |
| b |
№ документа |
2004-12322 |
| b |
№ документа |
628 |
| 100 |
Данные общей обработки |
__ |
| a |
Данные общей обработки |
19040323d2004 |||y0rusy0189 ca |
| 101 |
Язык документа |
__ |
| a |
Язык текста |
rus |
| c |
Язык оригинала |
rus |
| 102 |
Страна публикации |
__ |
| a |
Страна публикации |
RU |
| 105 |
Кодированные данные (монография) |
__ |
| a |
Кодированные данные (монография) |
ab |||||||zy |
| 200 |
Заглавие и сведения об ответственности |
1_ |
| a |
Заглавие |
Водоотведение и очистка сточных вод |
| e |
Сведения, относящиеся к заглавию |
[учеб. для вузов] |
| f |
Первые сведения об ответственности |
С. В. Яковлев, Ю. В. Воронов ; под общ. ред. проф., д.т.н. Ю. В. Воронова |
| b |
Общее обозначение материала |
Текст |
| 205 |
Сведения об издании |
__ |
| a |
Основные сведения об издании |
4-е изд., доп. и перераб. |
| 210 |
Выходные данные |
__ |
| a |
Место издания |
М. |
| c |
Издательство |
Изд-во Ассоц. строит. вузов |
| d |
Дата издания |
2006 |
| 215 |
Физическое описание |
__ |
| a |
Объем |
702, [1] с. |
| c |
Иллюстрации/тип воспроизводства |
ил., карт. |
| 320 |
Библиография |
__ |
| a |
Библиография |
Библиогр.: с. 698-702 (71 назв.) |
| 330 |
Аннотация |
__ |
| a |
Аннотация |
Даны основные сведения о системах водоотведения и составе сточных вод. Описаны методы и технологические схемы очистки сточных вод и обработки осадка. Представлены компоновочные решения станций аэрации и биофильтрации. |
| 606 |
Тематические рубрики |
__ |
| a |
Основная рубрика |
Строительство |
| 606 |
Тематические рубрики |
__ |
| a |
Основная рубрика |
Водоснабжение |
| 610 |
Ключевые слова |
__ |
| a |
Ключевые слова |
водоотведение; водоочистные сооружения; сточные воды; очищение воды; проектирование; насосные станции; фильтрация воды |
| 686 |
Индексы других классификаций |
__ |
| a |
Классификационный индекс |
38.761.1я73 |
| 700 |
Автор |
_1 |
| a |
Фамилия |
Яковлев |
| b |
Имя |
С. В. |
| g |
Полное личное имя |
Сергей Васильевич |
| 4 |
Код отношения |
070 |
| 4 |
Код отношения |
340 |
| 701 |
Альтернативная интеллектуальная ответственность |
_1 |
| a |
Фамилия |
Яковлев |
| b |
Имя |
С. В. |
| g |
Полное личное имя |
Сергей Васильевич |
| 4 |
Код отношения |
070 |
| 801 |
Источник записи |
_0 |
| a |
Страна |
RU |
| b |
Организация |
Муниципальное бюджетное учреждение культуры "Централизованная библиотечная система" г. Сургут (Центральная городская библиотека им. А. С. Пушкина) |
| c |
Дата составления |
20040323 |
| g |
Правила каталогизации |
КиК/Тримасова |
| 801 |
Источник записи |
_1 |
| a |
Страна |
RU |
| b |
Организация |
Муниципальное бюджетное учреждение культуры "Централизованная библиотечная система" г. Сургут (Центральная городская библиотека им. А. С. Пушкина) |
| c |
Дата составления |
20040323 |
| g |
Правила каталогизации |
КиК/Тримасова |
| 852 |
Данные о местонахождении |
__ |
| j |
Шифр хранения |
38.761.1я73 |
| c |
Каталожный индекс |
38.761.1я73 |
| i |
Авторский знак |
Я 47 |
| 901 |
Тип документа |
__ |
| t |
Тип документа |
m |
| 903 |
Характеристики (МАРС) |
__ |
| a |
Дата передачи |
20070829 |
| 969 |
Тип издания |
__ |
| a |
Тип издания |
учебник |
| 990 |
Данные о заказе (DOS) |
__ |
| j |
Количество экземпляров (DOS) |
1 |
| t |
N записи в КСУ для И/У (DOS) |
200709 |